| 000 | 00611cam a22001577a 4500 | ||
|---|---|---|---|
| 008 | 180718b2000 xxu||||| |||| 00| 0 eng d | ||
| 082 | _aAPPPA 99-2000 DHA/6 | ||
| 100 | _aDhand, Narinder Kumar | ||
| 245 |
_aTerrorism: a transborder surrogate: war paradigm of sposoring state in pursuit of its international politics _cby Narinder Kumar Dhand |
||
| 260 |
_aNew Delhi _bIndian Institute of Public Administration _c2000 |
||
| 300 | _a143p. | ||
| 500 | _aAn APPPA M.Phil. dissertation, 99-2000 (Guide: Dolly Arora) | ||
| 650 | _aAPPPA | ||
| 650 | _aVictims of terrorism | ||
| 650 | _aTerrorism - Political aspects | ||
| 999 |
_c489420 _d489420 |
||